Russia and the Soviet Union : (Record no. 28710)
[ view plain ]
| 000 -LEADER | |
|---|---|
| fixed length control field | 01039cam a22003012 4500 |
| 001 - CONTROL NUMBER | |
| control field | 28710 |
| 003 - CONTROL NUMBER IDENTIFIER | |
| rucl marc code | BD-RjUL |
| 005 - DATE AND TIME OF LATEST TRANSACTION | |
| control field | 20211209051323.0 |
| 008 - FIXED-LENGTH DATA ELEMENTS--GENERAL INFORMATION | |
| fixed length control field | 140331r19891958ii ab b 001 0 eng |
| 020 ## - INTERNATIONAL STANDARD BOOK NUMBER | |
| International Standard Book Number | 8122900178 |
| International Standard Book Number | 8122900186 |
| 035 ## - SYSTEM CONTROL NUMBER | |
| System control number | (BD-RjUL)28792 |
| 040 ## - CATALOGING SOURCE | |
| Original cataloging agency | DLC |
| Transcribing agency | DLC |
| Modifying agency | BD-RjUL |
| Language of cataloging | eng |
| 041 ## - LANGUAGE CODE | |
| Language code of text/sound track or separate title | eng |
| 082 00 - DEWEY DECIMAL CLASSIFICATION NUMBER | |
| Classification number | 947 |
| Author mark and year | WAR 1989 |
| 100 1# - MAIN ENTRY--PERSONAL NAME | |
| Personal name | Walsh, Warren B. |
| Fuller form of name | (Warren Bartlett), |
| Dates associated with a name | 1909-1979 |
| 9 (RLIN) | 87856 |
| 245 10 - TITLE STATEMENT | |
| Title | Russia and the Soviet Union : |
| Remainder of title | a modern history / |
| Statement of responsibility, etc. | Warren B. Walsh. |
| 260 ## - PUBLICATION, DISTRIBUTION, ETC. (IMPRINT) | |
| Place of publication, distribution, etc. | Delhi : |
| Name of publisher, distributor, etc. | Surjeet Publications, |
| Date of publication, distribution, etc. | 1958 [Reprinted 1989]. |
| 300 ## - PHYSICAL DESCRIPTION | |
| Pagination | xv, 640, xxiii p. : |
| Illustrations | ill. ; |
| Size | 24 cm. |
| 490 1# - SERIES STATEMENT | |
| Series statement | The University of Michigan history of the modern world |
| 504 ## - BIBLIOGRAPHY, ETC. NOTE | |
| Bibliography, etc | Bibliographical references included in "Notes" (p. [591]-603) Bibliography: p. [605]-640. |
| Bibliography, etc | Includes index. |
| 651 #0 - SUBJECT ADDED ENTRY--GEOGRAPHIC NAME | |
| Geographic name | Soviet Union |
| General subdivision | History. |
| 9 (RLIN) | 87857 |
| 830 #0 - SERIES ADDED ENTRY--UNIFORM TITLE | |
| Uniform title | University of Michigan history of the modern world. |
| 942 ## - ADDED ENTRY ELEMENTS (KOHA) | |
| Source of classification or shelving scheme | Dewey Decimal Classification |
| Koha item type | Books |
| Lost status | Source of classification or shelving scheme | Damaged status | Not for loan | Collection code | Permanent Location | Current Location | Shelving location | Date acquired | Source of acquisition | Cost, normal purchase price | Total Checkouts | Full call number | Date last seen | Copy number | Koha item type |
|---|---|---|---|---|---|---|---|---|---|---|---|---|---|---|---|
| Dewey Decimal Classification | Non-fiction | Central Library, University of Rajshahi | Central Library, University of Rajshahi | 17/06/1999 | Ankur Prakashani | 147.00 | 947 WAR 1989 | 31/03/2014 | C-2 | Books | |||||
| Dewey Decimal Classification | Added to bundle | Non-fiction | Central Library, University of Rajshahi | Central Library, University of Rajshahi | Reading Room | 17/06/1999 | Dhaka, Ankur Prakashani. | 147.00 | 947 WAR 1989 | 31/03/2014 | C-1 | Books |